000 00731nam a2200253 a 4500
001 000004664
005 20200929151458.0
008 760528s1975 sp 001 1 spa
020 _a8473640403
040 _aDO-SdBNP
_bspa
_dBNPHU
041 1 7 _aspa
_hfre
_2Código de idioma MARC
082 _a843.914
_bO49k
100 1 _aOlivier-Lacamp, Max.
_913606
240 1 3 _aLe kief.
_lEspañol
245 1 3 _aEl kief /
_cMax Olivier-Lacamp.
260 _aBarcelona :
_bEuros,
_c1975.
300 _a261 p. ;
_c22 cm.
490 1 _aRojo y Negro
534 _aTítulo original:
_tLe kief.
650 4 _aNovela francesa
_91075
650 4 _aLiteratura francesa
_91074
830 0 _aRojo y Negro.
_913607
910 _aCatalogación derivada
999 _c4470
_d4470